| 000 | 01434 a2200229 4500 | ||
|---|---|---|---|
| 003 | Nust | ||
| 005 | 20230905105808.0 | ||
| 010 | _a 2004041694 | ||
| 020 | _c1852338040 (alk. paper) | ||
| 040 | _cNust | ||
| 082 | 0 | 0 | _a629.8,PAS |
| 100 | 1 |
_aPassino, Kevin M. _956723 |
|
| 245 | 1 | 0 |
_aBiomimicry for optimization, control, and automation / _cKevin M. Passino. |
| 260 |
_aLondon ; _aNew York : _bSpringer, _c2004. |
||
| 300 |
_axxxi, 926 p. : _bill. ; _c24 cm. |
||
| 505 | _aChallenges in computer control and automation (Page-7), Scientific foundations for biomimicry (Page-57), Neural network substrates for control instincts (Page-105), Rule-based control (Page-153), Planning systems (Page-225), Attentional systems (Page-263), Learning and control (Page-321), Linear least squares methods (Page-421), Gradient methods (Page-471), Adaptive control (Page-547), The genetic algorithm (Page-613), Stochastic and nongradient optimization for design (Page-647),Evolution and learning : synergistic effects (Page-719), Cooperative foraging and search (Page-759), Competitive and intelligent foraging (Page-829), | ||
| 650 | 0 |
_aProcess control _xAutomation. _999425 |
|
| 650 | 0 | _aTelecommunication engineering | |
| 856 | 4 | 2 |
_3Publisher description _uhttp://www.loc.gov/catdir/enhancements/fy0818/2004041694-d.html |
| 856 | 4 | 2 |
_3Table of contents only _uhttp://www.loc.gov/catdir/enhancements/fy0818/2004041694-t.html |
| 942 |
_cREF _2ddc |
||
| 999 |
_c175917 _d175917 |
||